Central Library OPAC University of Rajshahi

Sweet pea growing / (Record no. 59299)

MARC details
000 -LEADER
fixed length control field 00679nam a2200241 a 4500
001 - CONTROL NUMBER
control field 59299
003 - CONTROL NUMBER IDENTIFIER
rucl marc code BD-RjUL
005 - DATE AND TIME OF LATEST TRANSACTION
control field 20211209080720.0
008 - FIXED-LENGTH DATA ELEMENTS--GENERAL INFORMATION
fixed length control field 190310s1955 enk 000 0 eng d
035 ## - SYSTEM CONTROL NUMBER
System control number OCLC ocm09060974 from D971120M
System control number (BD-RjUL)59423
040 ## - CATALOGING SOURCE
Original cataloging agency SOI
Transcribing agency SOI
Modifying agency UKM
-- EQO
-- BD-RjUL
Language of cataloging eng
041 ## - LANGUAGE CODE
Language code of text/sound track or separate title eng
082 ## - DEWEY DECIMAL CLASSIFICATION NUMBER
Classification number 635.93332
Author mark and year BRS 1955
100 1# - MAIN ENTRY--PERSONAL NAME
Personal name Brookes, Peter.
9 (RLIN) 229203
245 10 - TITLE STATEMENT
Title Sweet pea growing /
Statement of responsibility, etc. Peter Brookes
260 ## - PUBLICATION, DISTRIBUTION, ETC. (IMPRINT)
Place of publication, distribution, etc. London ;
-- New York :
Name of publisher, distributor, etc. W. & G. Foyle ;
-- Dover Publications,
Date of publication, distribution, etc. 1955
300 ## - PHYSICAL DESCRIPTION
Pagination 93 p.
Illustrations illus.
490 0# - SERIES STATEMENT
Series statement Foyles handbooks
650 #0 - SUBJECT ADDED ENTRY--TOPICAL TERM
Topical term or geographic name as entry element Sweet peas.
9 (RLIN) 43403
942 ## - ADDED ENTRY ELEMENTS (KOHA)
Source of classification or shelving scheme Dewey Decimal Classification
Koha item type Books
Holdings
Lost status Source of classification or shelving scheme Damaged status Not for loan Collection code Permanent Location Current Location Shelving location Date acquired Source of acquisition Cost, normal purchase price Total Checkouts Full call number Date last seen Copy number Koha item type
  Dewey Decimal Classification   Not For Loan Non-fiction Central Library, University of Rajshahi Central Library, University of Rajshahi Reading Room 06/07/1974 Zeitlinger 5.00   635.93332 BRS 1955 10/03/2019 C-1 Books